| 000 | 01514pam a2200385 a 4500 | ||
|---|---|---|---|
| 001 | 13542407 | ||
| 003 | OSt | ||
| 005 | 20140310181724.0 | ||
| 008 | 040330s2004 nyua 001 0 eng | ||
| 010 | _a 2004045856 | ||
| 020 | _a0767917022 (pbk.) | ||
| 035 | _a(OCoLC)ocm54865503 | ||
| 040 |
_aDLC _cDLC _dYDX _dDLC |
||
| 050 | 0 | 0 |
_aQD 37 _b.M821 2004 |
| 082 | 0 | 0 |
_aIB 540 _bC42 2004 |
| 245 | 0 | 0 |
_aChemistry made simple _cRevised by John T. Moore, Ed. D. |
| 260 |
_aNew York : _bBroadway Books, _cc2004. |
||
| 300 |
_axii, 288 p. : _bill. ; _c26 cm. |
||
| 490 | 1 | _aMade simple | |
| 500 | _aRev. ed. of: Chemistry made simple / by Fred C. Hess. Rev. ed. / rev. by Arthur L. Thomas. c1984. | ||
| 500 | _aIncludes index. | ||
| 521 | _aIB Students | ||
| 541 | _j1 | ||
| 562 | _e1 | ||
| 650 | 0 |
_aChemistry _vPopular works. |
|
| 700 | 1 |
_aMoore, John T., _d1947- |
|
| 700 | 1 |
_aHess, Fred C. _tChemistry made simple. |
|
| 830 | 0 | _aMade simple (Broadway Books) | |
| 856 | 4 | 2 |
_3Contributor biographical information _uhttp://www.loc.gov/catdir/bios/random051/2004045856.html |
| 856 | 4 | 2 |
_3Publisher description _uhttp://www.loc.gov/catdir/description/random051/2004045856.html |
| 906 |
_a7 _bcbc _corignew _d1 _eocip _f20 _gy-gencatlg |
||
| 942 |
_2lcc _cIB _kIB |
||
| 999 |
_c2132 _d2132 |
||